000 00267nam a22001217a 4500
008 170628b xxu||||| |||| 00| 0 eng d
041 _aeng
080 _a05
100 _a22
101 _aGJL
245 _aCOMMON SENSE TEACHING READING
_cGANS,R
942 _2udc
_cBK
999 _c19432
_d19432